[Event "64. Offene Kölner Stadtmeisterschaft"]
[Site "Köln"]
[Date "2024.05.09"]
[Round "3.5"]
[White "Kanli, Kaan"]
[Black "Keller, Thomas"]
[Result "1/2-1/2"]
[WhiteElo "2047"]
[BlackElo "2218"]
[PlyCount "171"]
[WhiteTeam "SG Rochade Brauw"]
[BlackTeam "Brühler SK 1920 e. V."]

1. e4 e5 2. Nf3 Nf6 3. Nc3 Nc6 4. Bb5 d6 5. d4 Bd7 6. O-O Nxd4 7. Bxd7+ Qxd7 8.
Nxd4 exd4 9. Qxd4 Be7 10. Bf4 O-O 11. Rad1 Qc6 12. Rfe1 Rfe8 13. Qa4 Bf8 14. f3
g6 15. Qxc6 bxc6 16. Be3 Nd7 17. b3 Bg7 18. Bd4 a5 19. Bxg7 Kxg7 20. Na4 Re5
21. Kf2 Rae8 22. c4 Rb8 23. Rd4 Nf8 24. Rc1 Ne6 25. Rd2 c5 26. Nc3 Nd4 27. Ne2
Nc6 28. Nc3 Rb7 29. Rcd1 Re8 30. Rd3 Ra8 31. Ke3 h5 32. h4 Ne5 33. Rd5 f6 34.
Na4 Rb4 35. Rc1 Re8 36. Kf2 Nd7 37. Rd3 Ne5 38. Rd2 Nc6 39. Nc3 Nd4 40. Ne2 Nc6
41. Nc3 Nd4 42. Ne2 Nxe2 43. Rxe2 a4 44. Rb1 Ra8 45. Reb2 axb3 46. axb3 Kf7 47.
Ke3 Ke6 48. Kd3 Ra3 49. Kc3 Rb8 50. g3 Rba8 51. Kd3 Ra1 52. Ke3 R8a2 53. Kf4
Rxb1 54. Rxb1 Rf2 55. b4 cxb4 56. Rxb4 Rc2 57. g4 hxg4 58. fxg4 Rh2 59. Rb7 Kd7
60. Kg3 Rh1 61. Rb8 Rg1+ 62. Kf3 Rf1+ 63. Kg3 Ke6 64. Re8+ Kf7 65. Rc8 c5 66.
Rc7+ Kf8 67. Rc8+ Kf7 68. Rc7+ Kf8 69. Rd7 Rd1 70. Kf4 Rf1+ 71. Kg3 Rg1+ 72.
Kf4 Rf1+ 73. Kg3 Rc1 74. Rxd6 Ke7 75. Rc6 Rxc4 76. Kf4 Rc1 77. h5 Rf1+ 78. Ke3
Re1+ 79. Kf3 Rf1+ 80. Kg2 Rf4 81. Kg3 Rxe4 82. Rxc5 gxh5 83. gxh5 Kf7 84. Rc7+
Re7 85. Rxe7+ Kxe7 86. Kf4 1/2-1/2

[Event "64. Offene Kölner Stadtmeisterschaft"]
[Site "Köln"]
[Date "2024.05.09"]
[Round "3.6"]
[White "Nemegeer, Arne"]
[Black "Di Franco, Patricio"]
[Result "1/2-1/2"]
[WhiteElo "2179"]
[BlackElo "2021"]
[PlyCount "46"]
[WhiteTeam "Koninklijke Brugse Schaakkring"]
[BlackTeam "Kölner SK Dr. Lasker 186"]

1. e4 c5 2. Nf3 Nc6 3. Bb5 g5 4. Nxg5 Nf6 5. O-O Rg8 6. Nf3 Nxe4 7. d4 d5 8.
Re1 Bg4 9. c3 e6 10. Be2 Qb6 11. Nbd2 cxd4 12. Nxe4 dxe4 13. Nxd4 Bh3 14. Bf1
O-O-O 15. Qh5 Nxd4 16. cxd4 Bf5 17. Be3 Bg6 18. Qe2 Rd5 19. Qc2+ Kb8 20. Bc4
Rh5 21. Be2 Rd5 22. Bc4 Rh5 23. Be2 Rd5 1/2-1/2

[Event "64. Offene Kölner Stadtmeisterschaft"]
[Site "Köln"]
[Date "2024.05.09"]
[Round "3.7"]
[White "Schulz, Wilhelm"]
[Black "Nagel, Bernhard"]
[Result "0-1"]
[WhiteElo "2016"]
[BlackElo "2171"]
[PlyCount "76"]
[WhiteTeam "SV Horrem 1948"]
[BlackTeam "Kölner SK Dr. Lasker 186"]

1. d4 d5 2. c4 e6 3. Nc3 Be7 4. cxd5 exd5 5. Bf4 c6 6. e3 Bf5 7. Bd3 Bxd3 8.
Qxd3 Nf6 9. Nf3 Nbd7 10. g4 Nf8 11. h3 Ng6 12. Bg3 Bd6 13. Ne5 Qe7 14. f4 Bb4
15. O-O Bxc3 16. bxc3 Ne4 17. Be1 h5 18. Nxg6 fxg6 19. g5 Qe6 20. Kh2 O-O 21.
Rg1 Rae8 22. Rg2 Nd6 23. Bf2 Rf7 24. Re1 Rfe7 25. Bg1 Qf7 26. Rge2 Re4 27. Kg2
Qe6 28. a4 b6 29. Qb1 Kh7 30. Bf2 Nf5 31. Qc1 c5 32. Qd1 cxd4 33. cxd4 Nxd4 34.
Rd2 Nf5 35. Rxd5 Nxe3+ 36. Bxe3 Rxe3 37. Rxe3 Qxe3 38. Qf3 Qe1 0-1

[Event "64. Offene Kölner Stadtmeisterschaft"]
[Site "Köln"]
[Date "2024.05.09"]
[Round "3.8"]
[White "Menzel, Maximilian"]
[Black "Bien, Stefan"]
[Result "1-0"]
[WhiteElo "2139"]
[BlackElo "1986"]
[PlyCount "45"]
[WhiteTeam "SG Porz e. V."]
[BlackTeam "SV Horrem 1948"]

1. d4 d5 2. Nf3 Nf6 3. g3 Bg4 4. Bg2 c6 5. c4 e6 6. h3 Bh5 7. O-O Be7 8. Nc3
O-O 9. Ne5 Nfd7 10. g4 Nxe5 11. dxe5 Bg6 12. Be3 Nd7 13. cxd5 cxd5 14. f4 Bc5
15. Bxc5 Nxc5 16. f5 exf5 17. gxf5 Bh5 18. Nxd5 Rb8 19. Qd4 b6 20. b4 Nb7 21.
f6 g6 22. Qe3 Kh8 23. Ne7 1-0

[Event "64. Offene Kölner Stadtmeisterschaft"]
[Site "Köln"]
[Date "2024.05.09"]
[Round "3.9"]
[White "Marcks, Martin"]
[Black "van der Valk, Niklas"]
[Result "0-1"]
[WhiteElo "1987"]
[BlackElo "2131"]
[PlyCount "58"]
[WhiteTeam "Betriebssportgemeinschaft Rheinp"]
[BlackTeam "Krefelder SK Turm 1851 e"]

1. e4 c5 2. Nc3 Nc6 3. g3 g6 4. Bg2 Bg7 5. d3 d6 6. Nge2 e6 7. Be3 Nd4 8. Qd2
Ne7 9. Nd1 Rb8 10. c3 Nxe2 11. Qxe2 b5 12. O-O O-O 13. a4 b4 14. cxb4 Rxb4 15.
Bd2 Rb3 16. Bc3 Nc6 17. Qc2 Qb6 18. Ne3 Ba6 19. Ra2 Bxc3 20. bxc3 Rb8 21. Ng4
Rb2 22. Rxb2 Qxb2 23. Qd1 Qxc3 24. Qf3 h5 25. Nf6+ Kg7 26. Nd7 Rb7 27. e5 d5
28. Qf6+ Kg8 29. Bxd5 Qxd3 0-1

[Event "64. Offene Kölner Stadtmeisterschaft"]
[Site "Köln"]
[Date "2024.05.09"]
[Round "3.10"]
[White "Schwibbert, Jonas"]
[Black "Kramer, Wolfgang"]
[Result "1-0"]
[WhiteElo "2129"]
[BlackElo "1871"]
[PlyCount "47"]
[WhiteTeam "Klub Kölner SF e. V."]
[BlackTeam "SV Herrenberg e.V."]

1. e4 Nf6 2. e5 Nd5 3. d4 d6 4. Nf3 Bg4 5. Be2 c6 6. O-O Bxf3 7. Bxf3 dxe5 8.
dxe5 e6 9. Qe2 Nd7 10. c4 Ne7 11. Bf4 Nf5 12. Rd1 Qc7 13. Nc3 h6 14. Bg4 g5 15.
Ne4 O-O-O 16. Nd6+ Nxd6 17. exd6 Qb8 18. Be5 Rh7 19. c5 f5 20. Bh5 Qa8 21. Bg6
Nxe5 22. Qxe5 Rhd7 23. Qxe6 b6 24. Be8 1-0

[Event "64. Offene Kölner Stadtmeisterschaft"]
[Site "Köln"]
[Date "2024.05.09"]
[Round "3.12"]
[White "Poetsch, Hagen"]
[Black "Stierle, Martin"]
[Result "1-0"]
[WhiteElo "2459"]
[BlackElo "1908"]
[PlyCount "45"]
[WhiteTeam "SC Heusenstamm"]
[BlackTeam "SG Donautal Tuttlingen"]

1. e4 e6 2. d4 d5 3. Nc3 Bb4 4. Nge2 Nf6 5. e5 Nfd7 6. f4 b6 7. a3 Be7 8. f5
Nf8 9. Nf4 exf5 10. Ncxd5 Ne6 11. Bc4 c6 12. Nxe7 Qxe7 13. O-O Nxf4 14. Rxf4
Be6 15. Bd3 g5 16. Rf2 f4 17. Qh5 Nd7 18. h4 h6 19. hxg5 Qxg5 20. Qf3 Bd5 21.
Be4 O-O-O 22. Bxf4 Bxe4 23. Bxg5 1-0

[Event "64. Offene Kölner Stadtmeisterschaft"]
[Site "Köln"]
[Date "2024.05.10"]
[Round "4.1"]
[White "Coenen, Michael"]
[Black "Schwibbert, Jonas"]
[Result "1-0"]
[WhiteElo "2368"]
[BlackElo "2129"]
[PlyCount "125"]
[WhiteTeam "SV Dormagen 1947"]
[BlackTeam "Klub Kölner SF e. V."]

1. d4 d5 2. Nf3 Nf6 3. g3 e6 4. Bg2 Be7 5. c4 c6 6. Qc2 O-O 7. O-O Nbd7 8. Nc3
b6 9. b3 Bb7 10. Rd1 Rc8 11. e4 Nxe4 12. Nxe4 dxe4 13. Qxe4 Qc7 14. Bf4 Bd6 15.
Bxd6 Qxd6 16. c5 Qe7 17. Rac1 Rfd8 18. Qe1 Nf6 19. Ne5 b5 20. a4 Nd5 21. Ra1 a6
22. Rdc1 f6 23. Nd3 Qd7 24. Rd1 Re8 25. Ra2 Re7 26. Re2 Rce8 27. Qd2 Qc7 28.
Rde1 Bc8 29. h3 Kf7 30. Kh2 Bb7 31. f4 Bc8 32. Nf2 Kf8 33. Ne4 Rd8 34. Nd6 Rxd6
35. cxd6 Qxd6 36. axb5 cxb5 37. Qc2 Bb7 38. Qxh7 Nc3 39. Rd2 Bxg2 40. Qh8+ Kf7
41. Kxg2 Qd5+ 42. Kh2 b4 43. Ra1 Ne4 44. Rc2 Nc3 45. Rxa6 Qe4 46. Rg2 Kg6 47.
Ra5 Nd5 48. h4 Qf3 49. Qg8 f5 50. Qa8 Qd1 51. Ra1 Qxd4 52. Re1 Ne3 53. Rge2
Ng4+ 54. Kh3 Nf2+ 55. Kg2 Ng4 56. Qf8 Qd5+ 57. Kh3 Rf7 58. Rxe6+ (58. h5+ Kf6
59. Qd8+ Qxd8 60. Rxe6#) 58... Kh7 59. Qxf7 Nf2+ 60. Kh2 Ng4+ 61. Kg1 Qd4+ 62.
R6e3 Nxe3 63. Qh5+ 1-0

[Event "64. Offene Kölner Stadtmeisterschaft"]
[Site "Köln"]
[Date "2024.05.10"]
[Round "4.2"]
[White "Nagel, Bernhard"]
[Black "Vlasov, Igor"]
[Result "0-1"]
[WhiteElo "2171"]
[BlackElo "2048"]
[PlyCount "116"]
[WhiteTeam "Kölner SK Dr. Lasker 186"]
[BlackTeam "Brühler SK 1920 e. V."]

1. Nf3 Nf6 2. g3 b6 3. Bg2 Bb7 4. c4 e6 5. O-O d5 6. cxd5 exd5 7. d4 Bd6 8. Nc3
a6 9. Ne5 O-O 10. Bg5 Be7 11. Qb3 c6 12. Rad1 Nfd7 13. Bxe7 Qxe7 14. e4 dxe4
15. Bxe4 b5 16. Nxd7 Nxd7 17. Rfe1 Qd6 18. Bf3 Nf6 19. a4 b4 20. Ne4 Nxe4 21.
Rxe4 a5 22. Re5 Bc8 23. Qc2 Bd7 24. Qc5 Qf6 25. Bg2 Rfd8 26. f4 g6 27. Rde1 h5
28. h4 Kg7 29. Kf2 Re8 30. Bh3 Red8 31. Bxd7 Rxd7 32. Rd1 Rad8 33. Ke3 Rd5 34.
Qc4 c5 35. Rxd5 Qe6+ 36. Kf2 Rxd5 37. Re1 Qd6 38. dxc5 Rxc5 39. Qe4 Rd5 40. Re2
Qc5+ 41. Qe3 Qd6 42. Qe4 Qd7 43. b3 Rd3 44. Re3 Rd2+ 45. Re2 Rd3 46. Re3 Rd2+
47. Re2 Rd1 48. Qe5+ Kh7 49. Qe4 Rc1 50. f5 gxf5 51. Qf3 Qd4+ 52. Qe3 Qd1 53.
Re1 Qxe1+ 54. Qxe1 Rxe1 55. Kxe1 f4 56. gxf4 Kg6 57. Ke2 Kf5 58. Kf3 f6 0-1

[Event "64. Offene Kölner Stadtmeisterschaft"]
[Site "Köln"]
[Date "2024.05.10"]
[Round "4.3"]
[White "van der Valk, Niklas"]
[Black "Menzel, Maximilian"]
[Result "1/2-1/2"]
[WhiteElo "2131"]
[BlackElo "2139"]
[PlyCount "95"]
[WhiteTeam "Krefelder SK Turm 1851 e"]
[BlackTeam "SG Porz e. V."]

1. e4 c6 2. d4 d5 3. e5 Bf5 4. h4 h5 5. Bd3 Bxd3 6. Qxd3 Qa5+ 7. Nd2 e6 8. Ngf3
Nh6 9. O-O Nf5 10. Nb3 Qa6 11. Qd1 Nd7 12. Bg5 c5 13. dxc5 Nxc5 14. Nxc5 Bxc5
15. Kh2 Qb6 16. Qe2 O-O 17. c3 Rfc8 18. g3 a5 19. Ne1 g6 20. Nd3 Bf8 21. f3 Rc4
22. g4 hxg4 23. fxg4 Nh6 24. Rf4 Qa6 25. Raf1 Re4 26. Rxe4 dxe4
27. Qxe4 Nxg4+ 28. Qxg4 Qxd3 29. Qf4 Qf5 30. Qxf5 exf5 31. Bf6 Bg7 32. Bxg7
Kxg7 33. Rd1 Re8 34. Rd5 b6 35. Kg3 f6 36. Rd7+ Kf8 37. exf6 Re2 38. b3 Rxa2
39. Rb7 Rd2 40. Rxb6 Rd3+ 41. Kf4 Rxc3 42. h5 gxh5 43. Rb5 h4 44. Rxa5 Rxb3 45.
Kxf5 h3 46. Ra8+ Kf7 47. Ra7+ Kf8 48. Ra8+ 1/2-1/2

[Event "64. Offene Kölner Stadtmeisterschaft"]
[Site "Köln"]
[Date "2024.05.10"]
[Round "4.4"]
[White "Gramb, Marius"]
[Black "Poetsch, Hagen"]
[Result "0-1"]
[WhiteElo "2121"]
[BlackElo "2459"]
[PlyCount "98"]
[WhiteTeam "Brühler SK 1920 e. V."]
[BlackTeam "SC Heusenstamm"]

1. e4 e6 2. d4 d5 3. e5 c5 4. c3 Nc6 5. Nf3 Bd7 6. Be2 f6 7. O-O fxe5 8. Nxe5
Nxe5 9. dxe5 Qc7 10. Re1 O-O-O 11. Bf1 Ne7 12. Bf4 h6 13. h3 g5 14. Bh2 Bg7 15.
Nd2 Rhf8 16. a4 Ng6 17. Nf3 Bc6 18. Bb5 Nf4 19. Bxc6 Qxc6 20. b4 Nxh3+ 21. gxh3
d4 22. Nxd4 cxd4 23. cxd4 Kb8 24. Rc1 Qd5 25. Qc2 Rc8 26. Qd3 Rfd8 27. Rxc8+
Rxc8 28. Rd1 Bf8 29. Qb5 Qb3 30. Qf1 Bxb4 31. d5 Bc5 32. Qd3 Qxa4 33. dxe6 Qa2
34. Qf5 (34. Qd6+ Bxd6 (34... Rc7 35. Qd8+ Rc8 36. Qd6+) 35. exd6 Qxe6 36. d7+
Ka8 37. d8=Q) 34... Be7 35. Bg3 Qe2 36. Rb1 Qc2 37. Qxc2 Rxc2 38. Rd1 Rc6 39.
Rd6 a5 40. Rd5 a4 41. Ra5 a3 42. f4 b6 43. Ra4 gxf4 44. Bxf4 b5 45. Ra5 b4 46.
Be3 b3 47. Rb5+ Kc7 48. Rxb3 a2 49. Bd4 Bc5 0-1

[Event "64. Offene Kölner Stadtmeisterschaft"]
[Site "Köln"]
[Date "2024.05.10"]
[Round "4.5"]
[White "Surányi, Pál"]
[Black "Stillger, Bernhard"]
[Result "0-1"]
[WhiteElo "2026"]
[BlackElo "2262"]
[PlyCount "84"]
[WhiteTeam "SV 03/25 Koblenz"]
[BlackTeam "SV Mülheim-Nord 1931 e"]

1. d4 Nf6 2. c4 e6 3. Nc3 Bb4 4. Qc2 Nc6 5. Nf3 d6 6. Bg5 h6 7. Bh4 g5 8. Bg3
g4 9. O-O-O Bxc3 10. Qxc3 Ne4 11. Qe3 Nxg3 12. hxg3 gxf3 13. Rxh6 Rxh6 14. Qxh6
Qe7 15. gxf3 Bd7 16. Qh8+ Qf8 17. Qf6 Qe7 18. Qh8+ Qf8 19. Qf6 Ne7 20. e3 O-O-O
21. Bd3 Nc6 22. Rh1 Qe7 23. Qxe7 Nxe7 24. Rh7 Rf8 25. g4 e5 26. dxe5 dxe5 27.
Kd2 Be6 28. Kc3 Kd7 29. Rh5 f6 30. Rh7 Rf7 31. Rh8 Nc6 32. Bg6 Rg7 33. Be8+ Ke7
34. Bxc6 bxc6 35. Ra8 Rh7 36. Rxa7 Kd7 37. b4 Rh1 38. Kd3 Rd1+ 39. Ke4 Rc1 40.
a3 Rxc4+ 41. Kd3 Rc1 42. a4 Rb1 0-1

[Event "64. Offene Kölner Stadtmeisterschaft"]
[Site "Köln"]
[Date "2024.05.10"]
[Round "4.6"]
[White "Di Franco, Patricio"]
[Black "Helmer, Jan"]
[Result "0-1"]
[WhiteElo "2021"]
[BlackElo "2236"]
[PlyCount "56"]
[WhiteTeam "Kölner SK Dr. Lasker 186"]
[BlackTeam "Hamelner SV"]

1. Nf3 d5 2. g3 Nf6 3. Bg2 c5 4. O-O Nc6 5. d4 cxd4 6. Nxd4 Bd7 7. Nb3 e6 8.
Nc3 a5 9. a4 Bb4 10. Nb5 Na7 11. c3 Be7 12. N3d4 Nxb5 13. Nxb5 Bc6 14. Nd4 O-O
15. Nxc6 bxc6 16. Qc2 Qb6 17. Be3 Qa6 18. Rfb1 Rab8 19. b4 axb4 20. a5 c5 21.
cxb4 cxb4 22. Bf1 Rfc8 23. Qa4 Ne4 24. Bd4 Nd2 25. e3 Nxf1 26. Rxf1 Rb5 27. Bb6
b3 28. Rfc1 b2 0-1

[Event "64. Offene Kölner Stadtmeisterschaft"]
[Site "Köln"]
[Date "2024.05.10"]
[Round "4.7"]
[White "Asadzade, Idris"]
[Black "Kanli, Kaan"]
[Result "1/2-1/2"]
[WhiteElo "2233"]
[BlackElo "2047"]
[PlyCount "214"]
[WhiteTeam "SG Solingen e. V"]
[BlackTeam "SG Rochade Brauw"]

1. c4 e5 2. g3 Nf6 3. Bg2 d5 4. cxd5 Nxd5 5. Nf3 Nc6 6. O-O Nb6 7. Nc3 Be7 8.
a3 a5 9. d3 O-O 10. Be3 Be6 11. Na4 Nd5 12. Bc5 b6 13. Bxe7 Ndxe7 14. Qc2 Qd7
15. e3 Rad8 16. Rfd1 f6 17. Rac1 Kh8 18. d4 e4 19. d5 Bxd5 20. Nd4 Ne5 21. Qxc7
Qxc7 22. Rxc7 Bb3 23. Rdc1 Nd5 24. Nxb3 Nxc7 25. Rxc7 Rd1+ 26. Bf1 Nf3+ 27. Kg2
Ne1+ 28. Kh3 Nf3 29. Rc1 Rfd8 30. Nc3 Rxc1 31. Nxc1 Rd2 32. N1e2 Rxb2 33. Nxe4
Nd2 34. Nxd2 Rxd2 35. Nc3 Rc2 36. Nb5 Rxf2 37. Bc4 h5 38. Bf7 Kh7 39. Bxh5 g6
40. Bd1 Rd2 41. Bf3 Rd3 42. Kg4 Rxe3 43. Kf4 Re5 44. Bc6 g5+ 45. Kg4 Kg6 46.
Nd6 Re6 47. Nf5 Re2 48. h4 gxh4 49. gxh4 a4 50. h5+ Kh7 51. Nd6 Kh6 52. Bxa4
Rg2+ 53. Kf3 Ra2 54. Nc4 Kxh5 55. Be8+ Kg5 56. a4 f5 57. Bb5 Kf6 58. Ke3 Ke6
59. Kd4 f4 60. Nxb6 Kd6 61. Nc4+ Kc7 62. Ne5 Kb6 63. Nc4+ Ka7 64. Ke4 Rf2 65.
Ke5 Rf1 66. Kf5 Rf2 67. Ke4 Rf1 68. Ne5 Rf2 69. Nd7 Kb7 70. Kd4 Rd2+ 71. Ke4
Rf2 72. Ne5 Kb6 73. Kd4 Kc7 74. Nd3 Rf1 75. Ke4 Kb6 76. Nxf4 Rb1 77. Nd5+ Kc5
78. Nc3 Rh1 79. Kd3 Rh3+ 80. Kc2 Kb4 81. Na2+ Ka5 82. Kb2 Rg3 83. Nc3 Kb4 84.
Nd5+ Kc5 85. Nc3 Kb4 86. Nd5+ Kc5 87. Nc7 Rg2+ 88. Kc3 Rg3+ 89. Kc2 Rg2+ 90.
Kd3 Rg3+ 91. Ke4 Ra3 92. Nd5 Rh3 93. Bd7 Rh4+ 94. Nf4 Kb4 95. Ke5 Ka5 96. Bc6
Rh6 97. Ne6 Rh4 98. Nd4 Rh5+ 99. Kd6 Rh6+ 100. Ne6 Rh4 101. Nc5 Kb6 102. Bd5
Rh6+ 103. Ne6 Ka5 104. Bb3 Kb4 105. Bc2 Rh2 106. Nd4 Rxc2 107. Nxc2+ Kxa4
1/2-1/2

[Event "64. Offene Kölner Stadtmeisterschaft"]
[Site "Köln"]
[Date "2024.05.10"]
[Round "4.8"]
[White "Keller, Thomas"]
[Black "Kaber, Claude"]
[Result "1-0"]
[WhiteElo "2218"]
[BlackElo "1987"]
[PlyCount "125"]
[WhiteTeam "Brühler SK 1920 e. V."]
[BlackTeam "Wasserbillig (LUX)"]

1. e4 c5 2. Nf3 e6 3. c3 Nf6 4. e5 Nd5 5. d4 cxd4 6. cxd4 b6 7. Nc3 Nxc3 8.
bxc3 Qc7 9. Bd2 Be7 10. a4 d6 11. a5 Bb7 12. Bb5+ Bc6 13. axb6 Qxb6 14. Bd3 Nd7
15. exd6 Bxd6 16. c4 Be7 17. O-O O-O 18. Be3 Qc7 19. Qc2 Bxf3 20. gxf3 g6 21.
Ra6 Nf6 22. Rfa1 Rfb8 23. Qa4 Rb7 24. Qa5 Qd7 25. Qe5 Rb3 26. Bc2 Rb2 27. Ba4
Qc8 28. Bc6 Rab8 29. Bb5 Ne8 30. Rxa7 Bd6 31. Qg5 Nc7 32. Qf6 Qf8 33. Bc6 Rb1+
34. Kg2 Be7 35. Qe5 Bd6 36. Qe4 Rxa1 37. Rxa1 f5 38. Qh4 f4 39. Bd2 Rb2 40. Bc1
Rc2 41. c5 Be7 42. Qxf4 Bxc5 43. Be4 Rxf2+ 44. Kxf2 Bxd4+ 45. Ke2 Bxa1 46. Qxc7
Qf6 47. Bh6 Qb2+ 48. Qc2 Qxc2+ 49. Bxc2 Be5 50. h3 Kf7 51. Ke3 Kf6 52. Ke4 Bb2
53. h4 Bc3 54. Bb3 Bb2 55. Bg5+ Kf7 56. Kd3 Ba1 57. Kc4 Ke8 58. Kc5 Kf7 59. Kd6
Kg7 60. Kxe6 Bc3 61. f4 Bd4 62. Bd1 Bc3 63. Be7 1-0

[Event "64. Offene Kölner Stadtmeisterschaft"]
[Site "Köln"]
[Date "2024.05.10"]
[Round "4.9"]
[White "Tarasenko, Nazar"]
[Black "Nemegeer, Arne"]
[Result "0-1"]
[WhiteElo "2067"]
[BlackElo "2179"]
[PlyCount "100"]
[WhiteTeam "SV Kaponier Vechta"]
[BlackTeam "Koninklijke Brugse Schaakkring"]

1. d4 Nf6 2. c4 e6 3. Nc3 Bb4 4. e3 O-O 5. Bd3 d5 6. Nge2 c5 7. cxd5 cxd4 8.
exd4 Nxd5 9. O-O Nc6 10. Ne4 Be7 11. Bb1 b6 12. Qd3 g6 13. Bh6 Re8 14. Rd1 Bb7
15. a3 Qd7 16. Ba2 Red8 17. N2c3 Rac8 18. Qf3 f5 19. Nxd5 exd5 20. Nc3 Na5 21.
Re1 Nc4 22. Qe2 Bf6 23. Rac1 Qf7 24. Red1 Re8 25. Qf3 Rcd8 26. Rc2 Bxd4 27. g3
Bxc3 28. Qxc3 b5 29. Rd4 Rc8 30. Qb3 Bc6 31. Qd3 Bb7 32. a4 bxa4 33. Qd1 Qe6
34. Kf1 Nb6 35. Rcd2 Nc4 36. Bxc4 Rxc4 37. Rxc4 Ba6 38. Kg2 Bxc4 39. Qxa4 Qe4+
40. Kg1 Qe1+ 41. Kg2 Qe4+ 42. Kg1 Qe1+ 43. Kg2 Qf1+ 44. Kf3 Qh1+ 45. Kf4 Qe4+
46. Kg5 Qe7+ 47. Kf4 Qe5+ 48. Kg5 f4+ 49. Kg4 Qh5+ 50. Kxf4 Qf5# 0-1

[Event "64. Offene Kölner Stadtmeisterschaft"]
[Site "Köln"]
[Date "2024.05.10"]
[Round "4.10"]
[White "Wiekert, Martin"]
[Black "Kerz, Markus"]
[Result "1-0"]
[WhiteElo "2240"]
[BlackElo "2022"]
[PlyCount "57"]
[WhiteTeam "Kölner SK Dr. Lasker 186"]

1. d4 d5 2. Nf3 c5 3. c4 e6 4. cxd5 exd5 5. Bg5 Be7 6. Bxe7 Qxe7 7. Nc3 Nf6 8.
e3 O-O 9. dxc5 Qxc5 10. Be2 Nc6 11. O-O Rd8 12. Nb5 Bg4 13. Qb3 Qb6 14. Rfd1
Na5 15. Qa4 Nc4 16. Bxc4 Bxf3 17. gxf3 dxc4 18. Qxc4 Rdc8 19. Qb3 Rc5 20. Nd4
Qc7 21. Ne2 Qc6 22. Kg2 Rh5 23. Qd3 Re8 24. Ng3 Rh4 25. b3 g6 26. Qd6 Rxh2+ 27.
Kxh2 Qxf3 28. Qf4 Ng4+ 29. Kg1 1-0

[Event "64. Offene Kölner Stadtmeisterschaft"]
[Site "Köln"]
[Date "2024.05.11"]
[Round "5.1"]
[White "Vlasov, Igor"]
[Black "Coenen, Michael"]
[Result "1/2-1/2"]
[WhiteElo "2048"]
[BlackElo "2368"]
[PlyCount "81"]
[WhiteTeam "Brühler SK 1920 e. V."]
[BlackTeam "SV Dormagen 1947"]

1. c4 e6 2. g3 d5 3. d4 Nf6 4. Bg2 Be7 5. Nf3 O-O 6. O-O dxc4 7. Qc2 a6 8. a4
Bd7 9. Qxc4 Bc6 10. Qc2 Be4 11. Qb3 Bd5 12. Qd1 Nc6 13. Nc3 Na5 14. Nxd5 exd5
15. Ne5 c6 16. Bd2 Ne4 17. Bxa5 Qxa5 18. Bxe4 dxe4 19. Qc2 Qd5 20. Qc4 Rad8 21.
Rfd1 c5 22. e3 cxd4 23. Qxd4 Qxd4 24. Rxd4 Rxd4 25. exd4 Rd8 26. Rd1 h5 27. Kf1
Rc8 28. b3 Rc3 29. d5 Rxb3 30. Rc1 Bf6 31. Rc8+ Kh7 32. Nxf7 Rd3 33. d6 Kg6 34.
Rc7 b5 35. axb5 axb5 36. Rb7 b4 37. d7 b3 38. d8=Q Bxd8 39. Nxd8 (39. Ne5+ Kf5
40. Nxd3 exd3 41. Rxb3 d2 42. Rb5+ Ke4 43. Ke2) 39... Rxd8 40. Rxb3 Rd5 41. Ke2
1/2-1/2

[Event "64. Offene Kölner Stadtmeisterschaft"]
[Site "Köln"]
[Date "2024.05.11"]
[Round "5.2"]
[White "Poetsch, Hagen"]
[Black "Nemegeer, Arne"]
[Result "1-0"]
[WhiteElo "2459"]
[BlackElo "2179"]
[PlyCount "63"]
[WhiteTeam "SC Heusenstamm"]
[BlackTeam "Koninklijke Brugse Schaakkring"]

1. e4 c5 2. Ne2 Nc6 3. Nbc3 d6 4. d4 cxd4 5. Nxd4 Nf6 6. Bg5 e6 7. Qd2 a6 8.
Nxc6 bxc6 9. O-O-O Be7 10. h4 h6 11. Bxf6 gxf6 12. Na4 Bb7 13. Rh3 c5 14. Rb3
Bxe4 15. Nxc5 Bd5 (15... dxc5 16. Qe3 Bd5 17. c4) 16. c4 Bc6 17. Nb7 Qc7 18.
Nxd6+ Kf8 19. Rd3 Rb8 20. Kb1 f5 21. Qc3 Rg8 22. g3 Rd8 23. c5 Be4 24. Nxe4
Rxd3 25. Bxd3 fxe4 26. Bxe4 f5 27. Bf3 Qxc5 28. Rd8+ Kf7 29. Bh5+ Rg6 30. Bxg6+
Kxg6 31. Rg8+ Kh7 32. Qg7# 1-0

[Event "64. Offene Kölner Stadtmeisterschaft"]
[Site "Köln"]
[Date "2024.05.11"]
[Round "5.3"]
[White "Helmer, Jan"]
[Black "van der Valk, Niklas"]
[Result "1/2-1/2"]
[WhiteElo "2236"]
[BlackElo "2131"]
[PlyCount "93"]
[WhiteTeam "Hamelner SV"]
[BlackTeam "Krefelder SK Turm 1851 e"]

1. d4 Nf6 2. c4 e6 3. Nf3 b6 4. g3 Ba6 5. Nbd2 c5 6. Bg2 Bb7 7. e4 Nxe4 8. Nxe4
(8. Ne5 d5 9. cxd5 exd5 10. Qa4+ Nd7 11. Nxe4 dxe4 12. Bh3 Bc8 13. Qc6 Rb8 14.
Nxf7) 8... Bxe4 9. d5 exd5 10. cxd5 Bxf3 11. Bxf3 d6 12. O-O Be7 13. Be4 O-O
14. Qc2 g6 15. h4 Bf6 16. f4 Bd4+ 17. Kg2 f5 18. Bf3 Re8 19. h5 a6 20. Bd2 Ra7
21. Rh1 Qf6 22. Rh4 Nd7 23. Rah1 Qg7 24. hxg6 hxg6 25. g4 Nf6 26. R1h3 Rae7 27.
Rg3 fxg4 28. Bxg4 Ne4 (28... Nxg4 29. Rhxg4 Re2+ 30. Kf3 (30. Kf1 Rf2+ 31. Kg1
Rxd2+) (30. Kh3 Qh7+ 31. Rh4 Rh2+ 32. Kxh2 Qxh4+ 33. Kg2 Re2+) 30... Rf2#) 29.
Rgh3 Nf6 30. Be6+ Rxe6 31. dxe6 Rxe6 32. Qd3 b5 33. Rg3 Ne4 34. f5 Nxg3 35.
fxe6 Nf5 36. Rg4 Qf6 37. Qe4 Ne7 38. Bg5 Qf2+ 39. Kh3 Qf1+ 40. Qg2 Qd3+ 41. Kh2
Be5+ 42. Bf4 Qf5 43. Bxe5 Qxe5+ 44. Kh1 Qe1+ 45. Kh2 Qe5+ 46. Kh1 Qe1+ 47. Kh2
1/2-1/2

[Event "64. Offene Kölner Stadtmeisterschaft"]
[Site "Köln"]
[Date "2024.05.11"]
[Round "5.4"]
[White "Menzel, Maximilian"]
[Black "Keller, Thomas"]
[Result "1-0"]
[WhiteElo "2139"]
[BlackElo "2218"]
[PlyCount "71"]
[WhiteTeam "SG Porz e. V."]
[BlackTeam "Brühler SK 1920 e. V."]

1. d4 Nf6 2. Nf3 e6 3. g3 c5 4. Bg2 cxd4 5. Nxd4 d5 6. O-O Bc5 7. Nb3 Bb6 8. c4
Nc6 9. Nc3 dxc4 10. Qxd8+ Nxd8 11. Nd2 Bd7 12. Nxc4 Bc5 13. Bf4 Bc6 14. e4 O-O
15. Rfd1 Nd7 16. Na5 Nb6 17. Bd6 Bxd6 18. Rxd6 Nc8 19. Rd2 e5 20. f4 Ne7 21.
Nd5 Nxd5 22. exd5 Bb5 23. Rc1 exf4 24. gxf4 b6 25. Nc6 Re8 26. Kf2 Kf8 27. Ne5
Rb8 28. Rc7 a5 29. d6 Ne6 30. Rxf7+ Kg8 31. Bd5 Kh8 32. d7 Bxd7 33. Rxd7 Nxf4
34. Nf7+ Kg8 35. Nd6+ Nxd5 36. Nxe8 1-0

[Event "64. Offene Kölner Stadtmeisterschaft"]
[Site "Köln"]
[Date "2024.05.11"]
[Round "5.5"]
[White "Kanli, Kaan"]
[Black "Wiekert, Martin"]
[Result "1-0"]
[WhiteElo "2047"]
[BlackElo "2240"]
[PlyCount "77"]
[WhiteTeam "SG Rochade Brauw"]
[BlackTeam "Kölner SK Dr. Lasker 186"]

1. e4 e6 2. d4 d5 3. Nd2 c5 4. Ngf3 cxd4 5. Nxd4 Nc6 6. Nxc6 bxc6 7. Bd3 Bd6 8.
O-O Qc7 9. Nf3 Ne7 10. Re1 e5 11. c4 dxe4 12. Bxe4 f5 13. c5 Bxc5 14. Nxe5 fxe4
15. Qh5+ g6 16. Nxg6 Nxg6 (16... Bxf2+ 17. Kxf2 Qb6+ 18. Kg3 Nf5+ 19. Kf4 Qf2+)
17. Qxc5 Kf7 18. Rxe4 Be6 19. Bh6 Bd5 20. Qc3 Kg8 21. Re3 Rf8 22. Rae1 Qf7 23.
Bxf8 Nxf8 24. Rg3+ Ng6 25. h4 h5 26. Re5 Rh6 27. Reg5 Kf8 28. Qc5+ Qe7 29. Rf5+
Bf7 30. Qxc6 Kg7 31. Qc3+ Kh7 32. Qf3 Bxa2 33. Rxh5 Bb1 34. Rxh6+ Kxh6 35. h5
Nf8 36. Qf4+ Kxh5 37. Rh3+ Kg6 38. Qh6+ Kf7 39. Rf3+ 1-0